[Event "Spanish Opening"]
[Site "SchemingMind.com"]
[Date "2005.10.04"]
[Round "-"]
[White "Ilang"]
[Black "lucyjugs"]
[Result "1-0"]
[WhiteCountry "HUN"]
[BlackCountry "GBR"]
[WhiteElo "2121"]
[WhiteRD "140"]
[BlackElo "1455"]
[BlackRD "62"]
[GameID "26578"]

1. e4 e5 2. Nf3 Nc6 3. Bb5 a6 4. Ba4 Nf6 5. O-O Be7 6. Re1 b5 7. Bb3 d6 8. c3 O-O 9. h3 Na5 10. Bc2 c5
11. d4 Qc7 12. Nbd2 cxd4 13. cxd4 Bd7 14. Nf1 Rac8 15. Ne3 Nc6 16. d5 Nb4 17. Bb1 a5 18. a3 Na6 19. b4 g6 20. Bd2 a4
21. Bd3 Nh5 22. Ng4 Bxg4 23. hxg4 Ng7 24. Bxb5
1-0

[Event "Spanish Opening"]
[Site "SchemingMind.com"]
[Date "2005.10.04"]
[Round "-"]
[White "lucyjugs"]
[Black "Ilang"]
[Result "0-1"]
[WhiteCountry "GBR"]
[BlackCountry "HUN"]
[WhiteElo "1455"]
[WhiteRD "62"]
[BlackElo "2121"]
[BlackRD "140"]
[GameID "26579"]

1. e4 e5 2. Nf3 Nc6 3. Bb5 a6 4. Ba4 Nf6 5. O-O Be7 6. Qe2 b5 7. Bb3 d6 8. c3 O-O 9. d4 Bg4 10. Rd1 exd4
11. cxd4 d5 12. e5 Ne4 13. a4 b4 14. Be3 Na5 15. Bc2 f5 16. h3 Bh5 17. Nbd2 f4 18. Bxf4 Rxf4 19. Nxe4 Bxf3 20. gxf3 dxe4
21. Bxe4 Ra7 22. d5 Bc5 23. Kh2 Qh4 24. Rf1 Kh8 25. Rad1 Qh5
0-1

[Event "Spanish Opening"]
[Site "SchemingMind.com"]
[Date "2005.10.04"]
[Round "-"]
[White "Stefphe"]
[Black "Ilang"]
[Result "0-1"]
[WhiteCountry "BEL"]
[BlackCountry "HUN"]
[WhiteElo "1497"]
[WhiteRD "169"]
[BlackElo "2121"]
[BlackRD "140"]
[GameID "26589"]

1. e4 e5 2. Nf3 Nc6 3. Bb5 a6 4. Ba4 Nf6 5. O-O Be7 6. Bxc6 dxc6 7. d3 Nd7 8. Nbd2 O-O 9. Nc4 f6 10. Nh4 Nc5
11. b4 Na4 12. Bd2 Be6 13. Na5 Qd7 14. Nxb7 Rab8 15. Nc5 Nxc5 16. bxc5 Bxc5 17. Qf3 Bd4 18. c3 Bb6 19. Rfd1 Rfd8 20. Be1 Bg4
21. Qg3 Bxd1 22. Rxd1 Qe6 23. Nf5 g6 24. h4 Kh8 25. Ne3 Bxe3 26. Qxe3 Qxa2 27. h5 gxh5 28. c4 Qa3 29. f4 Rg8 30. Rd2 Rg4
31. fxe5 fxe5 32. Rc2 Rb3 33. Rd2 Qd6 34. Qf3 Rb1 35. Re2 Qe7 36. Qf5 Rg3 37. Kh2 Rxd3 38. Qxh5 Rdd1 39. Rf2 Rxe1 40. Rf8+ Qxf8
41. Qxe5+ Kg8 42. Qg5+ Kf7 43. Qf5+ Ke8 44. Qe6+ Kd8
0-1

[Event "Spanish Opening"]
[Site "SchemingMind.com"]
[Date "2005.10.04"]
[Round "-"]
[White "Stefphe"]
[Black "lucyjugs"]
[Result "1-0"]
[WhiteCountry "BEL"]
[BlackCountry "GBR"]
[WhiteElo "1497"]
[WhiteRD "169"]
[BlackElo "1455"]
[BlackRD "62"]
[GameID "26590"]

1. e4 e5 2. Nf3 Nc6 3. Bb5 a6 4. Ba4 b5 5. Bb3 Na5 6. O-O d6 7. d4 Nxb3 8. axb3 f6 9. c4 Bb7 10. Re1 Ne7
11. Nc3 g6 12. Qd3 exd4 13. Nxd4 Qd7 14. cxb5 axb5 15. Rxa8+ Bxa8 16. Ndxb5 Bb7 17. f4 Ba6 18. e5 fxe5 19. fxe5 d5 20. Bg5 c6
21. Nd6+
1-0

[Event "Spanish Opening"]
[Site "SchemingMind.com"]
[Date "2005.10.04"]
[Round "-"]
[White "Ilang"]
[Black "Stefphe"]
[Result "1-0"]
[WhiteCountry "HUN"]
[BlackCountry "BEL"]
[WhiteElo "2121"]
[WhiteRD "140"]
[BlackElo "1497"]
[BlackRD "169"]
[GameID "26591"]

1. e4 e5 2. Nf3 Nc6 3. Bb5 a6 4. Ba4 Nf6 5. O-O Nxe4 6. d4 b5 7. Bb3 d5 8. dxe5 Be6 9. Nbd2 Nc5 10. c3 d4
11. Bxe6 Nxe6 12. cxd4 Ncxd4 13. a4 Be7 14. Nxd4 Nxd4 15. axb5 Nxb5 16. Qg4 O-O 17. Nf3 Qc8 18. Qxc8 Rfxc8 19. Bf4 c5 20. Rfd1 Ra7
21. h3 Rc6 22. Ra4 f6 23. Rc4 Rc8 24. Rd5 Rb7 25. exf6 Bxf6 26. b4 Nd4 27. Nxd4 Bxd4 28. Rdxd4 Rxb4 29. Rxb4 cxb4 30. Rxb4 a5
31. Ra4 Ra8 32. Bd2 Kf7 33. Rxa5 Rxa5 34. Bxa5 Ke6 35. g4 Kf6 36. Bc3+ Kg6 37. f4 Kh6 38. f5 g5 39. fxg6 Kxg6 40. h4 Kf7
41. Kf2 Kg6 42. Kf3 Kf7 43. Kf4 Kg6 44. h5+ Kh6 45. Kg3 Kg5 46. Bg7 h6 47. Kf3
1-0

[Event "Spanish Opening"]
[Site "SchemingMind.com"]
[Date "2005.10.04"]
[Round "-"]
[White "lucyjugs"]
[Black "Stefphe"]
[Result "0-1"]
[WhiteCountry "GBR"]
[BlackCountry "BEL"]
[WhiteElo "1366"]
[WhiteRD "63"]
[BlackElo "1518"]
[BlackRD "118"]
[GameID "26592"]

1. e4 e5 2. Nf3 Nc6 3. Bb5 a6 4. Ba4 Nf6 5. O-O Nxe4 6. d4 b5 7. Bb3 d5 8. dxe5 Be6 9. Nbd2 Nc5 10. c3 d4
11. Bxe6 Nxe6 12. cxd4 Ncxd4 13. a4 Be7 14. Nxd4 Nxd4 15. Ne4 O-O 16. axb5 Nxb5 17. Qg4 Qd4 18. Nf6+ Bxf6 19. Qxd4 Nxd4 20. exf6 Rfb8
21. fxg7 Kxg7 22. Ra5 Ne2+ 23. Kh1 Nxc1 24. Rxc1 Rxb2 25. Kg1 Rb5 26. Raa1 Rb7 27. g3 a5 28. Rc5 a4 29. Kg2 a3 30. Rc3 a2
31. Rc2 Rba7 32. Kf3 Ra3+ 33. Ke2 Re8+ 34. Kd2 Rd8+
0-1

[Event "Spanish Opening"]
[Site "SchemingMind.com"]
[Date "2005.10.05"]
[Round "-"]
[White "KJB Esquire"]
[Black "Ilang"]
[Result "0-1"]
[WhiteCountry "USA"]
[BlackCountry "HUN"]
[WhiteElo "1830"]
[WhiteRD "120"]
[BlackElo "2121"]
[BlackRD "140"]
[GameID "26618"]

1. e4 e5 2. Nf3 Nc6 3. Bb5 a6 4. Ba4 Nf6 5. O-O Be7 6. Qe2 b5 7. Bb3 d6 8. c3 O-O 9. h3 Be6 10. d3 Bxb3
11. axb3 d5 12. Na3 h6 13. b4 Qd7 14. exd5 Qxd5 15. Nc2 Rfd8 16. Re1 Qxd3 17. Qxd3 Rxd3 18. Nxe5 Nxe5 19. Rxe5 Rd1+ 20. Re1 Rxe1+
21. Nxe1 c5 22. bxc5 Bxc5 23. Nd3 Bb6 24. Bf4 a5 25. Kf1 g5 26. Be5 Nd5 27. Nb4 Nxb4 28. cxb4 a4 29. Rc1 Re8 30. Rc6 Rxe5
31. Rxb6 Kg7 32. g4 f5 33. Rb7+ Kf6 34. Rb6+ Ke7 35. Rxh6 fxg4 36. hxg4 Re4 37. f3 Rxb4 38. Rh2 Rb3 39. Re2+ Kd6 40. Kf2 b4
41. Rd2+ Kc5 42. Rc2+ Kb5 43. Ke2 a3 44. bxa3 bxa3 45. Rc8 Rb4
0-1

[Event "Spanish Opening"]
[Site "SchemingMind.com"]
[Date "2005.10.04"]
[Round "-"]
[White "KJB Esquire"]
[Black "lucyjugs"]
[Result "1-0"]
[WhiteCountry "USA"]
[BlackCountry "GBR"]
[WhiteElo "1830"]
[WhiteRD "120"]
[BlackElo "1455"]
[BlackRD "62"]
[GameID "26619"]

1. e4 e5 2. Nf3 Nc6 3. Bb5 a6 4. Ba4 Nf6 5. O-O Nxe4 6. d4 b5 7. Bb3 d5 8. dxe5 Be6 9. Qe2 Bc5 10. Nbd2 Nxd2
11. Bxd2 O-O 12. Rad1 Ne7 13. Ng5 h6 14. Nxe6 fxe6 15. Qg4 Nf5 16. Bxh6 Nxh6 17. Qxe6+ Kh8 18. Rxd5 Bxf2+ 19. Rxf2 Qh4 20. Rdd2 Rxf2=
21. Rxf2 Ng4 22. g3 Qh5 23. Qf5 g5 24. Qf3 Qh3 25. Qxa8+
1-0

[Event "Spanish Opening"]
[Site "SchemingMind.com"]
[Date "2005.10.05"]
[Round "-"]
[White "KJB Esquire"]
[Black "Stefphe"]
[Result "1-0"]
[WhiteCountry "USA"]
[BlackCountry "BEL"]
[WhiteElo "1830"]
[WhiteRD "120"]
[BlackElo "1497"]
[BlackRD "169"]
[GameID "26620"]

1. e4 e5 2. Nf3 Nc6 3. Bb5 a6 4. Ba4 Nf6 5. O-O Nxe4 6. d4 b5 7. Bb3 d5 8. dxe5 Be6 9. c3 Be7 10. Re1 O-O
11. Nbd2 Nc5 12. Bc2 d4 13. cxd4 Nxd4 14. Nxd4 Qxd4 15. Qe2 Rad8 16. Nf3 Qc4 17. Be3 Qxe2 18. Rxe2 Bc4 19. Rd2 Rxd2 20. Nxd2 Be6
21. Ne4 Nxe4 22. Bxe4 c5 23. a3 Bb3 24. Rc1 Rd8 25. f4 Rd1+ 26. Rxd1 Bxd1 27. Kf2 g6 28. Bd2 Bd8 29. Ke3 Kf8 30. Bb7 a5
31. Ba6 b4 32. Bc4 f5 33. Kd3 Bc7 34. Be3 Bb6 35. Kd2 Ba4 36. Kd3= Bc6 37. g3 Be4+ 38. Kd2 Ke7 39. a4 Bc6 40. b3 Bd7
41. Kd3 Bc6 42. Ke2 Be4 43. Kd2 Kf8 44. Ke2 Kg7 45. Kf2 Kh6 46. g4 fxg4 47. f5+ Kg7 48. f6+ Kf8 49. Bh6+
1-0

[Event "Spanish Opening"]
[Site "SchemingMind.com"]
[Date "2005.10.04"]
[Round "-"]
[White "Ilang"]
[Black "KJB Esquire"]
[Result "1-0"]
[WhiteCountry "HUN"]
[BlackCountry "USA"]
[WhiteElo "2121"]
[WhiteRD "140"]
[BlackElo "1830"]
[BlackRD "120"]
[GameID "26621"]

1. e4 e5 2. Nf3 Nc6 3. Bb5 a6 4. Ba4 d6 5. c3 Bd7 6. d4 g6 7. O-O Bg7 8. d5 Nce7 9. Bxd7+ Qxd7 10. c4 h6
11. Nc3 f5 12. exf5 gxf5 13. b4 Nf6 14. a4 c6 15. dxc6 Qxc6 16. Bb2 Rg8 17. Rc1 Rd8 18. Qb3 Ng4 19. Ne2 Kf8 20. h3 Nf6
21. Rfd1 Nd7 22. c5 d5 23. b5 axb5 24. axb5 Qe6 25. Ba3 Rb8 26. Re1 Qg6 27. c6 bxc6 28. Nf4 Qf6 29. Bxe7+ Kxe7 30. Nxe5 Nxe5
31. Rxe5+ Kf7 32. Rxd5 cxd5 33. Qxd5+ Kf8 34. Qc5+ Kf7 35. Qc4+ Kf8 36. Ng6+
1-0

[Event "Spanish Opening"]
[Site "SchemingMind.com"]
[Date "2005.10.04"]
[Round "-"]
[White "lucyjugs"]
[Black "KJB Esquire"]
[Result "0-1"]
[WhiteCountry "GBR"]
[BlackCountry "USA"]
[WhiteElo "1455"]
[WhiteRD "62"]
[BlackElo "1830"]
[BlackRD "120"]
[GameID "26622"]

1. e4 e5 2. Nf3 Nc6 3. Bb5 a6 4. Ba4 d6 5. Bxc6+ bxc6 6. d4 f6 7. Be3 Ne7 8. Nc3 Ng6 9. Qd3 Be7 10. h4 h5
11. O-O-O a5 12. Qc4 Bd7 13. dxe5 fxe5 14. Ng5 Bxg5 15. Bxg5 Qb8 16. a3 Qb7 17. f4 Nxf4 18. Bxf4 exf4 19. Rhe1 Qa6 20. Qd4 O-O
21. e5 Bg4 22. Rd2 Rae8 23. Re4 Qf1+ 24. Nd1 d5 25. Rf2 Qxd1+
0-1

[Event "Spanish Opening"]
[Site "SchemingMind.com"]
[Date "2005.10.04"]
[Round "-"]
[White "Stefphe"]
[Black "KJB Esquire"]
[Result "0-1"]
[WhiteCountry "BEL"]
[BlackCountry "USA"]
[WhiteElo "1497"]
[WhiteRD "169"]
[BlackElo "1830"]
[BlackRD "120"]
[GameID "26623"]

1. e4 e5 2. Nf3 Nc6 3. Bb5 a6 4. Ba4 d6 5. O-O Bd7 6. c3 g6 7. d4 Bg7 8. d5 Nce7 9. Be3 Nf6 10. Bc2 Ng4
11. Bg5 f6 12. Bh4 g5 13. Bg3 h5 14. h4 gxh4 15. Nxh4 Bh6 16. Nf5 Bxf5 17. exf5 Bg5 18. f3 Ne3 19. Qe2 Nxf1 20. Kxf1 Nxd5
21. Be4 h4 22. Bh2 Ne3+ 23. Kg1 d5 24. Bd3 Qe7 25. Nd2 h3 26. g4 O-O-O 27. a4 Ng2 28. b4 d4 29. c4 Qxb4 30. Ne4 Be3+
31. Kh1 Rdf8 32. a5 Qb3 33. Rb1 Qa3 34. Bg3 Bf4 35. Be1 Nxe1 36. Rxe1 Qxa5 37. Rb1 Qa3 38. Qc2 b6 39. c5 b5 40. Nd6+ Kd7
41. Nb7 Kc6 42. Be4+ Kd7 43. c6+ Ke7 44. Nc5 Ra8 45. Nd3 Qc3 46. Qa2 Qc4 47. Qa3+ Kf7 48. Nxf4 exf4 49. Rc1 Qe2 50. Bd5+ Kg7
51. Rg1 h2 52. Ra1 Rae8 53. Qc1 Re3
0-1

[Event "Spanish Opening"]
[Site "SchemingMind.com"]
[Date "2005.10.05"]
[Round "-"]
[White "toguints"]
[Black "Ilang"]
[Result "0-1"]
[WhiteCountry "PHI"]
[BlackCountry "HUN"]
[WhiteElo "1320"]
[WhiteRD "184"]
[BlackElo "2121"]
[BlackRD "140"]
[GameID "26627"]

1. e4 e5 2. Nf3 Nc6 3. Bb5 a6 4. Ba4 Nf6 5. Nc3 Be7 6. Bb3 O-O 7. Ba4 b5 8. Bb3 b4 9. Nd5 Nxe4 10. d3 Nc5
11. d4 exd4 12. Nxd4 Nxb3 13. Nxb3 d6 14. O-O Re8 15. Re1 Be6 16. Qf3 Ne5 17. Nxb4 Nxf3+
0-1

[Event "Spanish Opening"]
[Site "SchemingMind.com"]
[Date "2005.10.05"]
[Round "-"]
[White "toguints"]
[Black "lucyjugs"]
[Result "1-0"]
[WhiteCountry "PHI"]
[BlackCountry "GBR"]
[WhiteElo "1527"]
[WhiteRD "103"]
[BlackElo "1366"]
[BlackRD "63"]
[GameID "26628"]

1. e4 e5 2. Nf3 Nc6 3. Bb5 a6 4. Ba4 Nf6 5. Nc3 b5 6. Bb3 Bc5 7. d3 d6 8. Bg5 Bg4 9. Bd5 Qd7 10. h3 Bh5
11. g4 Bg6 12. a3 O-O 13. b4 Ba7 14. a4 Rab8 15. axb5 Nxb4 16. Ra4
1-0

[Event "Spanish Opening"]
[Site "SchemingMind.com"]
[Date "2005.10.05"]
[Round "-"]
[White "toguints"]
[Black "KJB Esquire"]
[Result "0-1"]
[WhiteCountry "PHI"]
[BlackCountry "USA"]
[WhiteElo "1320"]
[WhiteRD "184"]
[BlackElo "1830"]
[BlackRD "120"]
[GameID "26629"]

1. e4 e5 2. Nf3 Nc6 3. Bb5 a6 4. Ba4 Nf6 5. Nc3 b5 6. Bb3 Be7 7. d3 O-O 8. Bd5 Nxd5 9. Nxd5 d6 10. O-O f5
11. b3 Kh8 12. c4 fxe4 13. dxe4 Bg4 14. h3 Bxf3 15. gxf3 bxc4 16. bxc4 Nd4 17. f4 c6 18. Nb4 Qc8 19. fxe5 Nf3+ 20. Kg2 d5
21. Qa4 Bxb4 22. Qxb4 Nh4+ 23. Kg3 Rf3+ 24. Kxh4 Qxh3+ 25. Kg5 h6+ 26. Kg6 Qg4+
0-1

[Event "Spanish Opening"]
[Site "SchemingMind.com"]
[Date "2005.10.05"]
[Round "-"]
[White "toguints"]
[Black "Stefphe"]
[Result "0-1"]
[WhiteCountry "PHI"]
[BlackCountry "BEL"]
[WhiteElo "1527"]
[WhiteRD "103"]
[BlackElo "1518"]
[BlackRD "118"]
[GameID "26630"]

1. e4 e5 2. Nf3 Nc6 3. Bb5 a6 4. Ba4 Nf6 5. d3 d6 6. Bg5 Be7 7. Nc3 Be6 8. Bxf6 gxf6 9. Nd5 b5 10. Bb3 Rg8
11. g3 Na5 12. c3 Bh3 13. Nh4 c5 14. c4 Nc6 15. Qh5 Nd4 16. Nf5 Bxf5 17. exf5 Qa5+ 18. Kf1 Kd7 19. a4 Nxb3 20. Ra3 bxc4
21. Qxf7 Rge8 22. dxc4 Nd2+ 23. Kg2 Ne4 24. Rb3 Ng5 25. Rb7+ Kc6 26. Rb6+ Qxb6 27. Nxb6 Nxf7 28. Nxa8 Rxa8 29. g4 Rb8 30. Rb1 Rb3
31. h4 Kb6 32. Kf1 Ka5 33. Ke2 Kb4 34. f3 Kxc4 35. Kd2 Rxf3 36. Rc1+ Kd4 37. Ke2 Rg3 38. Rd1+ Kc4 39. Kd2 Rxg4 40. h5 Ng5
41. Kc2 Rg2+ 42. Rd2 Rxd2+ 43. Kxd2 e4
0-1

[Event "Spanish Opening"]
[Site "SchemingMind.com"]
[Date "2005.10.05"]
[Round "-"]
[White "Ilang"]
[Black "toguints"]
[Result "1-0"]
[WhiteCountry "HUN"]
[BlackCountry "PHI"]
[WhiteElo "2121"]
[WhiteRD "140"]
[BlackElo "1320"]
[BlackRD "184"]
[GameID "26631"]

1. e4 e5 2. Nf3 Nc6 3. Bb5 a6 4. Ba4 b5 5. Bb3 Nf6 6. O-O Nxe4 7. d4 d6 8. Bd5 Bb7 9. Bxe4 d5 10. Bf5 e4
11. Ne5 Qf6 12. Bd7+ Kd8 13. Bxc6 Bxc6 14. Bg5 Qxg5 15. Nxf7+ Ke7 16. Nxg5 h5 17. f3 Kd7 18. fxe4 dxe4 19. d5 Bd6 20. Rf7+ Ke8
21. Qd4 Bf8 22. Qe5+ Kd8 23. Qxc7+ Ke8 24. Qxc6+
1-0

[Event "Spanish Opening"]
[Site "SchemingMind.com"]
[Date "2005.10.05"]
[Round "-"]
[White "lucyjugs"]
[Black "toguints"]
[Result "0-1"]
[WhiteCountry "GBR"]
[BlackCountry "PHI"]
[WhiteElo "1366"]
[WhiteRD "63"]
[BlackElo "1527"]
[BlackRD "103"]
[GameID "26632"]

1. e4 e5 2. Nf3 Nc6 3. Bb5 a6 4. Ba4 Qf6 5. d4 Nge7 6. Bg5 Qd6 7. Bxe7 Bxe7 8. Bxc6 Qxc6 9. d5 Qf6 10. O-O b6
11. Nbd2 Bb7 12. Rc1 h5 13. Nb3 a5 14. a4 Qf4 15. g3 Qxe4 16. c4 Ba6
0-1

[Event "Spanish Opening"]
[Site "SchemingMind.com"]
[Date "2005.10.05"]
[Round "-"]
[White "KJB Esquire"]
[Black "toguints"]
[Result "1-0"]
[WhiteCountry "USA"]
[BlackCountry "PHI"]
[WhiteElo "1830"]
[WhiteRD "120"]
[BlackElo "1320"]
[BlackRD "184"]
[GameID "26633"]

1. e4 e5 2. Nf3 Nc6 3. Bb5 a6 4. Ba4 Nge7 5. c3 g6 6. d4 d6 7. O-O Bg4 8. Bg5 b5 9. Bf6 Rg8 10. Bb3 Bg7
11. dxe5 dxe5 12. Bxe7 Nxe7 13. Bxf7+ Kxf7 14. Ng5+ Ke8 15. Qxg4 h5 16. Qe6 Rf8 17. a4 Bh6 18. Nh7 Rf7 19. Nf6+ Kf8 20. Nd7+ Ke8
21. Rd1 Qc8 22. axb5 Qb7 23. Nxe5 Rf4 24. Rd7 Bf8 25. g3 Rxf2 26. Rxa6 Rxa6 27. Rd8+
1-0

[Event "Spanish Opening"]
[Site "SchemingMind.com"]
[Date "2005.10.05"]
[Round "-"]
[White "Stefphe"]
[Black "toguints"]
[Result "1-0"]
[WhiteCountry "BEL"]
[BlackCountry "PHI"]
[WhiteElo "1497"]
[WhiteRD "169"]
[BlackElo "1320"]
[BlackRD "184"]
[GameID "26634"]

1. e4 e5 2. Nf3 Nc6 3. Bb5 a6 4. Ba4 Nge7 5. O-O b5 6. Bb3 d6 7. Ng5 h6 8. Bxf7+ Kd7 9. Ne6 Nd4 10. Nxd8 Kxd8
11. c3 Ne6 12. d4 exd4 13. cxd4 Ng5 14. Bxg5 hxg5 15. e5 Nc6 16. Nc3 Rh4 17. Qf3 Bb7 18. Be6 Rb8 19. Qxf8#
1-0

[Event "Spanish Opening"]
[Site "SchemingMind.com"]
[Date "2005.10.05"]
[Round "-"]
[White "doodledandy"]
[Black "Ilang"]
[Result "1-0"]
[WhiteCountry "CAN"]
[BlackCountry "HUN"]
[WhiteElo "2224"]
[WhiteRD "69"]
[BlackElo "2152"]
[BlackRD "99"]
[GameID "26666"]

1. e4 e5 2. Nf3 Nc6 3. Bb5 a6 4. Ba4 Nf6 5. O-O Be7 6. Re1 b5 7. Bb3 d6 8. c3 O-O 9. h3 Na5 10. Bc2 c5
11. d4 Qc7 12. Nbd2 cxd4 13. cxd4 Bb7 14. Nf1 Rac8 15. Re2 d5 16. Nxe5 dxe4 17. Ng3 Rfd8 18. Nf5 Bd6 19. Nxd6 Qxd6 20. Be3 Nc4
21. Nxc4 Rxc4 22. Qd2 Nd5 23. Bxe4 Nxe3 24. Bxb7 Nc2 25. b3 Rc7 26. Rd1 g6 27. d5 Qb6 28. Bxa6 Qxa6 29. d6 Rcd7 30. Qxc2 Rxd6
31. Rxd6 Qxd6 32. a4 bxa4 33. bxa4 Qa3 34. Re4 Rd3 35. a5 Rd5 36. Ra4 Qd6 37. Qc8+ Kg7 38. Qc3+ f6 39. Ra1 Qa6 40. Qc7+ Kh6
41. Kh2 Rf5 42. Qe7 g5 43. Re1 Rxf2 44. Qf8+ Kg6 45. Qe8+ Kh6 46. Re7 Qd3 47. Qf8+ Kh5 48. a6 Qf5 49. Qf7+ Kh6 50. Qg7+ Kh5
51. Qxh7+ Qxh7 52. Rxh7+ Kg6 53. Rb7 Ra2 54. a7 f5 55. Kg3 Kf6 56. Kf3 Ra3+ 57. Ke2 Ke5 58. Kd2 f4 59. Rc7 Kd5 60. Kc2 Ra6
61. Kb3 Ra1 62. Kb4 Kd6 63. Rg7 Kc6 64. Rg6+ Kb7 65. Rxg5 Rh1 66. Rg7+ Ka8 67. Rf7 Rh2 68. Kc5 Rxg2 69. Rf8+ Kxa7 70. Rxf4 Kb7
71. Kd6 Rd2+ 72. Ke6 Kc6 73. Rc4+ Kb5 74. Re4 Kc6 75. h4 Rh2 76. Rc4+ Kb5 77. Kd5 Rh1 78. Rd4 Kb6 79. Kd6 Kb7 80. Rc4 Kb6
81. Rb4+ Ka5 82. Kc5 Rh2 83. Rc4 Ka6 84. Kc6 Ka7 85. Rb4 Rh1 86. Kd6 Ka6 87. Ke5 Ka5 88. Rg4 Kb5 89. Kf5 Kc5 90. Kg6 Rd1
91. h5 Rd6+ 92. Kg5 Rd5+ 93. Kh4 Rd6 94. Rf4 Kd5 95. Kg5 Ke5 96. Rf8 Rd7 97. h6 Rd2 98. Re8+
1-0

[Event "Spanish Opening"]
[Site "SchemingMind.com"]
[Date "2005.10.06"]
[Round "-"]
[White "doodledandy"]
[Black "toguints"]
[Result "1-0"]
[WhiteCountry "CAN"]
[BlackCountry "PHI"]
[WhiteElo "2071"]
[WhiteRD "99"]
[BlackElo "1320"]
[BlackRD "184"]
[GameID "26667"]

1. e4 e5 2. Nf3 Nc6 3. Bb5 a6 4. Ba4 Nf6 5. O-O Nxe4 6. d4 d6 7. Qe2 b5 8. Qxe4 d5 9. Qe3 bxa4 10. Nxe5 Qe7
11. Nxc6 Qe6 12. Re1 Bb7 13. Qc3
1-0

[Event "Spanish Opening"]
[Site "SchemingMind.com"]
[Date "2005.10.05"]
[Round "-"]
[White "doodledandy"]
[Black "lucyjugs"]
[Result "1-0"]
[WhiteCountry "CAN"]
[BlackCountry "GBR"]
[WhiteElo "2071"]
[WhiteRD "99"]
[BlackElo "1455"]
[BlackRD "62"]
[GameID "26668"]

1. e4 e5 2. Nf3 Nc6 3. Bb5 a6 4. Ba4 Nf6 5. O-O Be7 6. Re1 b5 7. Bb3 O-O 8. c3 d5 9. exd5 Nxd5 10. Nxe5 Nxe5
11. Rxe5 c6 12. Bxd5 cxd5 13. d4 Bd6 14. Re3 Qh4 15. h3 Qf4 16. Re5 Qf6 17. Re1 Qg6 18. Qf3 Bf5 19. Be3 Be4 20. Qg4 Qxg4
21. hxg4 Rfe8 22. Nd2 Re6 23. Nxe4 dxe4 24. a4 b4 25. c4 Rc8 26. c5 Bf8 27. d5 Ree8 28. Rac1 a5 29. Rc4
1-0

[Event "Spanish Opening"]
[Site "SchemingMind.com"]
[Date "2005.10.05"]
[Round "-"]
[White "doodledandy"]
[Black "KJB Esquire"]
[Result "1-0"]
[WhiteCountry "CAN"]
[BlackCountry "USA"]
[WhiteElo "2071"]
[WhiteRD "99"]
[BlackElo "1830"]
[BlackRD "120"]
[GameID "26669"]

1. e4 e5 2. Nf3 Nc6 3. Bb5 a6 4. Ba4 Nf6 5. O-O b5 6. Bb3 Bb7 7. d3 Be7 8. Nc3 d6 9. a4 b4 10. Ne2 Na5
11. Ba2 Rb8 12. Bd2 c5 13. Ng3 O-O 14. Nf5 Nd7 15. Ne1 Nf6 16. f4 Nc6 17. fxe5 Nxe5 18. Bg5 Bc8 19. d4 Nc6 20. Nxe7+ Qxe7
21. Bxf6 gxf6 22. dxc5 dxc5 23. Bd5 Ne5 24. Nd3 Kh8 25. Qh5 Bg4 26. Qh4 Nxd3 27. cxd3 Be2 28. Rf5 Rg8 29. Re1 Bxd3 30. Re3 c4
31. Rh5
1-0

[Event "Spanish Opening"]
[Site "SchemingMind.com"]
[Date "2005.10.05"]
[Round "-"]
[White "doodledandy"]
[Black "Stefphe"]
[Result "1-0"]
[WhiteCountry "CAN"]
[BlackCountry "BEL"]
[WhiteElo "2071"]
[WhiteRD "99"]
[BlackElo "1497"]
[BlackRD "169"]
[GameID "26670"]

1. e4 e5 2. Nf3 Nc6 3. Bb5 a6 4. Ba4 Nf6 5. O-O Nxe4 6. d4 b5 7. Bb3 d5 8. dxe5 Be6 9. Nbd2 Nc5 10. c3 d4
11. Ng5 Bd5 12. Nxf7 Kxf7 13. Qf3+ Ke6 14. Qg4+ Kf7 15. Qf5+ Ke8 16. e6 Bxe6 17. Re1 Qf6 18. Qd5 Kf7 19. Rxe6 Nxe6 20. Ne4 Qe5
21. Qxc6 Be7 22. Bf4 Qxf4 23. Bxe6+ Kg6 24. g3 Qf8 25. Bg4+ Bd6 26. Qd5 Qe7 27. Qh5#
1-0

[Event "Spanish Opening"]
[Site "SchemingMind.com"]
[Date "2005.10.05"]
[Round "-"]
[White "Ilang"]
[Black "doodledandy"]
[Result "0-1"]
[WhiteCountry "HUN"]
[BlackCountry "CAN"]
[WhiteElo "2120"]
[WhiteRD "113"]
[BlackElo "2184"]
[BlackRD "77"]
[GameID "26671"]

1. e4 e5 2. Nf3 Nc6 3. Bb5 a6 4. Ba4 Nf6 5. O-O Be7 6. Re1 b5 7. Bb3 O-O 8. c3 d6 9. h3 Na5 10. Bc2 c5
11. d4 Qc7 12. Nbd2 cxd4 13. cxd4 Bb7 14. Nf1 Rac8 15. Re2 Nh5 16. a4 b4 17. Bd3 Qd7 18. Re1 Nf4 19. dxe5 Nxd3 20. Qxd3 Rfd8
21. Bf4 d5 22. exd5 Qxd5 23. Qxd5 Bxd5 24. Ne3 Bxf3 25. gxf3 Nc4 26. Nf5 Bc5 27. Re2 g6 28. Nh6+ Kg7 29. Ng4 h5 30. Nf6 Bd4
31. Rb1 b3 32. Kg2 a5 33. h4 Nb6 34. Re4 Nxa4 35. Be3 Bxe3 36. Rxe3 Nc5 37. f4 a4 38. Kf3 Ne6 39. Re4 Nd4+ 40. Kg2 Nf5
41. Rxa4 Nxh4+ 42. Kh3 Nf5 43. Rba1 Rd3+ 44. Kg2 Nh4+ 45. Kg1 Rf3 46. Rf1 Rd8 47. Rb4 Rfd3 48. Rc1 Rf3 49. Rf1= Rc8 50. Ra4 Kh6
51. Kh1 Rc2 52. Ra8 g5 53. Rh8+ Kg6 54. fxg5 Rxb2 55. Kg1 Rc2 56. Rg8+ Kf5 57. Rb8 Kxg5 58. Ne4+ Kf5 59. Ng3+ Kxe5 60. Rb4 b2
61. Rxh4 Rfxf2 62. Re1+ Kf6 63. Ne4+ Kg6 64. Nc3 Rg2+ 65. Kh1 Rg3 66. Nb1 Rc1 67. Re4 f5 68. Re8 Kg5 69. Kh2 f4 70. R8e2 h4
71. Nd2 Kg4
0-1

[Event "Spanish Opening"]
[Site "SchemingMind.com"]
[Date "2005.10.05"]
[Round "-"]
[White "toguints"]
[Black "doodledandy"]
[Result "0-1"]
[WhiteCountry "PHI"]
[BlackCountry "CAN"]
[WhiteElo "1527"]
[WhiteRD "103"]
[BlackElo "2184"]
[BlackRD "77"]
[GameID "26672"]

1. e4 e5 2. Nf3 Nc6 3. Bb5 a6 4. Ba4 Nf6 5. d3 d6 6. Bg5 Be7 7. Nc3 O-O 8. Bxf6 Bxf6 9. Bxc6 bxc6 10. h3 c5
11. Nd5 c6 12. Ne3 Be7 13. c4 Rb8 14. b3 f5 15. O-O fxe4 16. dxe4 Qe8 17. a4 Qh5 18. Nf5 Bxf5 19. exf5 Qxf5 20. h4 e4
21. g4 Qxg4+ 22. Kh2 exf3
0-1

[Event "Spanish Opening"]
[Site "SchemingMind.com"]
[Date "2005.10.05"]
[Round "-"]
[White "lucyjugs"]
[Black "doodledandy"]
[Result "0-1"]
[WhiteCountry "GBR"]
[BlackCountry "CAN"]
[WhiteElo "1455"]
[WhiteRD "62"]
[BlackElo "2071"]
[BlackRD "99"]
[GameID "26673"]

1. e4 e5 2. Nf3 Nc6 3. Bb5 a6 4. Ba4 Nf6 5. O-O Be7 6. Qe2 b5 7. Bb3 O-O 8. c3 d6 9. d4 Bg4 10. Rd1 exd4
11. cxd4 d5 12. Nc3 dxe4 13. Nxe4 Bxf3 14. Qxf3 Nxd4 15. Nxf6+ Bxf6 16. Qg4 Re8 17. Be3 c5 18. Bxd4 Bxd4 19. Qf4 Qe7 20. Bc2 Qe2
21. Bd3 Qxb2 22. Re1 Rad8
0-1

[Event "Spanish Opening"]
[Site "SchemingMind.com"]
[Date "2005.10.05"]
[Round "-"]
[White "KJB Esquire"]
[Black "doodledandy"]
[Result "0-1"]
[WhiteCountry "USA"]
[BlackCountry "CAN"]
[WhiteElo "1830"]
[WhiteRD "120"]
[BlackElo "2071"]
[BlackRD "99"]
[GameID "26674"]

1. e4 e5 2. Nf3 Nc6 3. Bb5 a6 4. Ba4 Nf6 5. O-O Bc5 6. c3 O-O 7. d4 Ba7 8. Bg5 h6 9. Bh4 g5 10. Nxg5 hxg5
11. Bxg5 b5 12. f4 Nxd4 13. fxe5 Nf3+ 14. Kh1 Nxg5 15. exf6 Re8 16. Rf5 Be3 17. Qg4 Re5 18. Rxe5 Qxf6 19. Rf5 d5 20. Rxf6 Bxg4
21. Bb3 Nxe4 22. Rf1 Ng3+ 23. hxg3 Kg7 24. Rxf7+ Kg6
0-1